|
|
|
|
| LEADER |
00000cam a2200000 7i4500 |
| 001 |
0000006551 |
| 002 |
000007066 |
| 005 |
20000330.0 |
| 020 |
|
|
|a 9838520160
|
| 090 |
0 |
0 |
|a F
|b ABD
|
| 100 |
0 |
|
|a Abdul Jais
|
| 245 |
1 |
0 |
|a Penganggur
|c Abdul Jais
|
| 260 |
|
|
|a K.L :
|b K Publishing & Distributors ,
|c 1988
|
| 300 |
|
|
|a 133 p. ;
|c 18cm.
|
| 650 |
0 |
0 |
|a General fiction, Malay
|
| 999 |
|
|
|a 024799
|b BUKU
|c PINJAMAN
|e PERPUSTAKAAN KOMUNITI PETALING JAYA
|
| 999 |
|
|
|a 024800
|b BUKU
|c PINJAMAN
|e PERPUSTAKAAN KOMUNITI PETALING JAYA
|
| 999 |
|
|
|a 038420
|b BUKU
|c PINJAMAN
|e PERPUSTAKAAN KOMUNITI PETALING JAYA
|